Nová dobrá detská kniha

Podrobná bibliografia
Médium: Článok
Jazyk:slovenčina
Predmet:

MARC

LEADER 00000nab a22000001a 4500
001 vtls009293969
003 SK-MaSNL
005 20260304215033.0
008 080514d19381127xo |r|p|||| |000 b|slo
015 |a SNBRRBVU1918-1938 
038 |a SNKBUCL 
038 |a SNKBUVU 
040 |a SNKBUVU  |b slo  |c SNKBUCL  |e AACR2 
041 0 |a slo 
044 |a xo  |c SK 
080 |a 75.071.1  |2 1997 
080 |a 75.056  |2 1997 
080 |a 821.162.4-3(049.3)  |2 1997 
245 0 0 |a Nová dobrá detská kniha 
500 |a V rubrike Umenie, veda, literatúra 
600 1 7 |a Hála, Ján,  |d 1890-1959  |2 snkbucl  |9 113837 
650 0 7 |a knižné ilustrácie  |2 snkbucl  |9 2742 
650 0 7 |a ilustrácie  |2 MM  |9 2743 
650 0 7 |a slovenské romány  |2 snkbucl  |9 103163 
655 7 |a recenzie  |2 MM  |9 21907 
773 0 |t Slovenský hlas  |g Roč. 1, č. 272 (27.11.1938), s. 9 
787 0 8 |i Rec.:  |a Wollmannová-Fajnorová, Nina, n. 1902  |t Slavko poznáva svet  |d Bratislava : Universum, 1938 
852 |a SNK  |b KIS3GCP 
910 |a snkrbvumm 
958 |a VY 
999 |c 3144398  |d 3146328